000 00930nam a22003257a 4500
001 0008018
003 KOHA_MİRAKIL
005 20260207001618.0
007 ta
008 091007b1982 us |||gr||||#||||0|eng |
020 _a0201075407
040 _aTR-BiSEU
_btur
_cTR-BiSEU
_erda
041 0 _aeng
044 _cus
050 _aQA303
_b.T46 1982
100 1 _aThomas, George B..
245 1 _aCalculus and analytic geometry/
_cGeorge B. Thomas ; George B. Thomas, Ross L. Finney.
250 _a5. bs.
264 1 _aReading, Massachusetts :
_bAddison-Wesley
_c1982
300 _axiv, 891, A62, I8 sayfa: resimli
336 _ametin
_btxt
_2rdacontent
337 _aaracısız
_bn
_2rdamedia
338 _acilt
_bnc
_2rdacarrier
500 _aDizin var.
650 0 _aHesap.
_92068
650 0 _aAnalitik geometri.
_97208
650 0 _aCalculus.
_92712
650 0 _aGeometry, Analytic.
_92026
942 _2lcc
_cBK
999 _c7993
_d7993